Atlas of classical archaeology / (Record no. 1313)

000 -LEADER
fixed length control field 01131nam a22003617a 4500
001 - CONTROL NUMBER
control field 256164
003 - CONTROL NUMBER IDENTIFIER
control field OSt
005 - DATE AND TIME OF LATEST TRANSACTION
control field 20210426095214.0
007 - PHYSICAL DESCRIPTION FIXED FIELD--GENERAL INFORMATION
fixed length control field ad canzn
008 - FIXED-LENGTH DATA ELEMENTS--GENERAL INFORMATION
fixed length control field 760503s1977 nyu e eng
010 ## - LIBRARY OF CONGRESS CONTROL NUMBER
LC control number 76016761
020 ## - INTERNATIONAL STANDARD BOOK NUMBER
International Standard Book Number 007021025X
040 ## - CATALOGING SOURCE
Original cataloging agency DLC
Transcribing agency DLC
Modifying agency DLC
Language of cataloging eng
041 ## - LANGUAGE CODE
Language code of text/sound track or separate title eng
050 00 - LIBRARY OF CONGRESS CALL NUMBER
Classification number G1046.E15
Item number A8 1977
052 ## - GEOGRAPHIC CLASSIFICATION
Geographic classification area code 3201
080 ## - UNIVERSAL DECIMAL CLASSIFICATION NUMBER
Universal Decimal Classification number 008
Item number F-54
082 00 - DEWEY DECIMAL CLASSIFICATION NUMBER
Classification number 930/.1
100 ## - MAIN ENTRY--PERSONAL NAME
9 (RLIN) 819
Personal name Finley, I., M
Relator term Editor
245 00 - TITLE STATEMENT
Title Atlas of classical archaeology /
Statement of responsibility, etc. edited by M. I. Finley.
Remainder of title / by: McGraw-Hill Book Company
260 ## - PUBLICATION, DISTRIBUTION, ETC.
Place of publication, distribution, etc. New York
Name of publisher, distributor, etc. McGraw-Hill Book Company
Date of publication, distribution, etc. c1977.
300 ## - PHYSICAL DESCRIPTION
Extent 1 atlas (256 p.)
Other physical details ill., maps (some col.)
Dimensions 29 cm.
500 ## - GENERAL NOTE
General note Includes index.
650 #0 - SUBJECT ADDED ENTRY--TOPICAL TERM
Topical term or geographic name entry element Archaeology
Form subdivision Maps.
650 #0 - SUBJECT ADDED ENTRY--TOPICAL TERM
Topical term or geographic name entry element History of civilizations
9 (RLIN) 410
653 ## - INDEX TERM--UNCONTROLLED
Uncontrolled term ცივილიზაციების ისტორია
653 ## - INDEX TERM--UNCONTROLLED
Uncontrolled term არქეოლოგია
655 #7 - INDEX TERM--GENRE/FORM
Genre/form data or focus term World atlases
Source of term lcgft
700 1# - ADDED ENTRY--PERSONAL NAME
Personal name Finley, M. I.
Fuller form of name (Moses I.),
Dates associated with a name 1912-1986.
906 ## - LOCAL DATA ELEMENT F, LDF (RLIN)
a 7
b cbc
c orignew
d 1
e ocip
f 19
g y-geogmaps
942 ## - ADDED ENTRY ELEMENTS (KOHA)
Source of classification or shelving scheme
Koha item type Books
Holdings
Withdrawn status Lost status Source of classification or shelving scheme Damaged status Not for loan Permanent location Current location Date acquired Inventory number Total Checkouts Full call number Barcode Date last seen Price effective from Koha item type
          Ken Walker International University Ken Walker International University 02/10/2021 1461   008 F-54 1461 02/10/2021 02/10/2021 Books

Powered by Koha